000 00568nam a2200241 a 4500
001 nice12345678
003 IN_TiNIC
005 20260116011634.0
008 050524s1976 newa grp 000 0 eng
020 _a0582616
_c100
082 0 0 _a297.2
_bWAD
100 _aWaddy, Charis
245 _aMuslim Mind
260 _aNew York
_bLongman
_c1976
300 _a205p
500 _aincludes index and biblioraphy
505 2 _aindex, notes
650 _aIslam-Meccan Trade
700 1 _aWaddy, Charis
902 _bSRS
942 _cBK
999 _c3049
_d3049